Analytic theogry and the academic study of religion (Record no. 3641)

MARC details
000 -LEADER
fixed length control field 00399nam a22001457a 4500
008 - FIXED-LENGTH DATA ELEMENTS--GENERAL INFORMATION
fixed length control field 250523b |||||||| |||| 00| 0 eng d
020 ## - INTERNATIONAL STANDARD BOOK NUMBER
ISBN 970071498779872
100 ## - MAIN ENTRY--AUTHOR
Author Wood, William
245 ## - TITLE STATEMENT
Title Analytic theogry and the academic study of religion
260 ## - PUBLICATION, DISTRIBUTION, ETC. (IMPRINT)
Place of publication Oxford
Name of publisher Oxford university of press
Date of publication 2021
300 ## - COLLATION
Pagination vii,239
650 ## - TRACINGS
Main Subject Philosophy theology
942 ## - ADDED ENTRY ELEMENTS (KOHA)
Item type Books
050 ## - LIBRARY OF CONGRESS CALL NUMBER
Classification number BT40
Item number .W66
Holdings
Source of classification or shelving scheme Not for loan Permanent location Current location Date acquired Accession No. Full call number Barcode. Koha item type
Library of Congress Classification   Samuel Ogbemudia Main Library, University of Abuja Samuel Ogbemudia Main Library, University of Abuja 05/23/2025 2023-61350 BT40.W66 2025-2131 Books
Library of Congress Classification   Samuel Ogbemudia Main Library, University of Abuja Samuel Ogbemudia Main Library, University of Abuja 05/23/2025 2023-61350 BT40.W66 2025-2132 Books